000 00736nam a2200241Ia 4500
003 OSt
005 20220923212629.0
006 a|||||r|||| 00| 0
007 ta
008 220922b |||||||| |||| 00| 0 hin d
024 _a154,700
037 _cTextual
040 _aARTS
_cARTS
_bhin
041 _2hin
_ahin
082 _aY:351.245, 152L2
100 _aकश्यप, पद्म चन्द्र
245 0 _aकुल्लई लोक साहित्य
246 _aKullaī lok sāhitya
260 _c1972
650 _aहिन्दी साहित्य
_9156264
942 _hY:351.245, 152L2
_cTEXL
_2CC
999 _c310322
_d310322